[Event "GBR-ch 108th"]
[Site "Torquay"]
[Date "2022.08.16"]
[Round "4"]
[White "Modi, Shyam Jagdish"]
[Black "Bradbury, Neil H"]
[Result "1/2-1/2"]
[WhiteElo "2148"]
[BlackElo "2211"]
[PlyCount "97"]
[EventDate "2022.08.13"]
[EventType "swiss"]
[EventRounds "9"]
[EventCountry "ENG"]
[SourceTitle "CBM 209 Extra"]
[Source "ChessBase"]
[SourceDate "2022.09.30"]
[SourceVersion "1"]
[SourceVersionDate "2022.09.30"]
[SourceQuality "1"]

1. d4 Nf6 2. c4 e6 3. g3 c5 4. d5 exd5 5. cxd5 d6 6. Nc3 g6 7. Bg2 Bg7 8. Nf3 0-0 9. 0-0 Re8 10. Bf4 Qd7 11. a4 Nh5 12. Bd2 Na6 13. Re1 Nb4 14. Bf1 Qd8 15. Bg5 f6 16. Bc1 a6 17. Bg2 Bd7 18. h3 f5 19. e4 fxe4 20. Nxe4 Bf5 21. Nfg5 Nf6 22. Ne6 Bxe6 23. dxe6 Nxe4 24. Bxe4 d5 25. Bg2 Qf6 26. h4 h6 27. e7 Rxe7 28. Bxd5+ Kh7 29. Be4 Rae8 30. f3 Qd4+ 31. Be3 Rxe4 32. fxe4 Qxb2 33. Rb1 Qc3 34. Rc1 Qe5 35. Bf2 b6 36. Qb3 a5 37. Rcd1 Qc7 38. Qc4 Nc6 39. Kg2 Ne5 40. Qb5 Rf8 41. Bg1 Rf3 42. Re3 Rf7 43. Ree1 Rf3 44. Re3 Rf7 45. Ree1 Rf3 46. Re3 Rf6 47. Ree1 h5 48. Rf1 Re6 49. Rfe1 1/2-1/2

[Event "Leca da Palmeira op"]
[Site "Leca da Palmeira"]
[Date "2022.08.04"]
[Round "8"]
[White "Das, Sayantan"]
[Black "Modi, Shyam Jagdish"]
[Result "1-0"]
[WhiteElo "2449"]
[BlackElo "2138"]
[PlyCount "53"]
[EventDate "2022.07.31"]
[EventType "swiss"]
[EventRounds "9"]
[EventCountry "POR"]
[SourceTitle "CBM 209 Extra"]
[Source "ChessBase"]
[SourceDate "2022.09.30"]
[SourceVersion "1"]
[SourceVersionDate "2022.09.30"]
[SourceQuality "1"]

1. e4 c5 2. Nf3 e6 3. d4 cxd4 4. Nxd4 Nc6 5. Bf4 d6 6. Nxc6 bxc6 7. c4 e5 8. Be3 Nf6 9. Nc3 Be7 10. Be2 Be6 11. Qa4 Qc7 12. Nd5 Nxd5 13. cxd5 Bd7 14. dxc6 Qxc6 15. Qxc6 Bxc6 16. f3 0-0 17. Rc1 Bd7 18. Rc7 Rfd8 19. Ba6 d5 20. Bb7 d4 21. Bxa8 dxe3 22. Bd5 Bb4+ 23. Ke2 Bd2 24. Rd1 a5 25. b3 Bb5+ 26. Bc4 Be8 27. Rc5 1-0

[Event "Leca da Palmeira op"]
[Site "Leca da Palmeira"]
[Date "2022.08.03"]
[Round "6"]
[White "Modi, Shyam Jagdish"]
[Black "Stella, Andrea"]
[Result "0-1"]
[WhiteElo "2138"]
[BlackElo "2443"]
[PlyCount "100"]
[EventDate "2022.07.31"]
[EventType "swiss"]
[EventRounds "9"]
[EventCountry "POR"]
[SourceTitle "CBM 209 Extra"]
[Source "ChessBase"]
[SourceDate "2022.09.30"]
[SourceVersion "1"]
[SourceVersionDate "2022.09.30"]
[SourceQuality "1"]

1. d4 Nf6 2. c4 e6 3. g3 d5 4. Bg2 dxc4 5. Nf3 c6 6. 0-0 b5 7. a4 Bb7 8. Ne5 a6 9. b3 cxb3 10. Bb2 Be7 11. Nd2 0-0 12. Qxb3 Nfd7 13. Nd3 Ra7 14. Rfc1 Nb6 15. a5 Na4 16. Bc3 Nd7 17. Bb4 e5 18. Bxc6 Bxc6 19. Rxc6 exd4 20. Nf3 Nb8 21. Rc2 Re8 22. Rac1 Bf6 23. Kf1 Qd7 24. Nf4 Rd8 25. Kg1 h6 26. Kf1 Rb7 27. Kg1 Ra7 28. Kf1 Rb7 29. Kg1 Kh7 30. Qd3+ g6 31. h4 Kg7 32. Kg2 Re8 33. Kf1 Rd8 34. Kg2 Qe8 35. Kf1 Nc3 36. Bc5 Nc6 37. Bb6 Rxb6 38. axb6 Nb4 39. Qd2 Nxc2 40. Rxc2 Qc6 41. Qd3 Qxb6 42. Rb2 Qc6 43. Qc2 a5 44. Kg1 a4 45. h5 g5 46. Nd3 a3 47. Ra2 Re8 48. Nc1 Nxe2+ 49. Nxe2 Qxc2 50. Rxc2 d3 0-1

[Event "Hammersmith CC op"]
[Site "London"]
[Date "2022.06.05"]
[Round "5"]
[White "Modi, Shyam Jagdish"]
[Black "Villiers, Thomas"]
[Result "0-1"]
[WhiteElo "2243"]
[BlackElo "2305"]
[PlyCount "56"]
[EventDate "2022.06.04"]
[EventType "swiss"]
[EventRounds "6"]
[EventCountry "ENG"]
[SourceTitle "CBM 208 Extra"]
[Source "ChessBase"]
[SourceDate "2022.07.31"]
[SourceVersion "1"]
[SourceVersionDate "2022.07.31"]
[SourceQuality "1"]

1. d4 e6 2. c4 f5 3. g3 Nf6 4. Bg2 Be7 5. Nf3 0-0 6. 0-0 d5 7. b3 Ne4 8. Ba3 Nd7 9. Bxe7 Qxe7 10. Nbd2 c6 11. Qc2 g5 12. Ne5 Nxe5 13. dxe5 Bd7 14. Rac1 Qg7 15. f4 gxf4 16. gxf4 Kh8 17. Nxe4 fxe4 18. Kh1 Rf5 19. e3 Rg8 20. Rg1 Qh6 21. Bf1 Rxg1+ 22. Kxg1 Be8 23. Qf2 d4 24. Re1 dxe3 25. Qxe3 Rxf4 26. Qg3 Rf8 27. Kh1 Bh5 28. Qh3 Bf3+ 0-1

[Event "Leamington Spa 4NCL op 26th"]
[Site "Leamington Spa"]
[Date "2021.09.12"]
[Round "4"]
[White "Modi, Shyam Jagdish"]
[Black "Burrows, Nick"]
[Result "1-0"]
[WhiteElo "2118"]
[BlackElo "1969"]
[PlyCount "116"]
[EventDate "2021.09.10"]
[EventType "swiss"]
[EventRounds "5"]
[EventCountry "ENG"]
[SourceTitle "CBM 204 Extra"]
[Source "ChessBase"]
[SourceDate "2021.11.30"]
[SourceVersion "1"]
[SourceVersionDate "2021.11.30"]
[SourceQuality "1"]

1. d4 d5 2. c4 c6 3. Nf3 Nf6 4. Qb3 dxc4 5. Qxc4 Bg4 6. Nbd2 Nbd7 7. g3 e6 8. Bg2 Be7 9. 0-0 0-0 10. Qb3 Nb6 11. a4 Qd5 12. a5 Qxb3 13. Nxb3 Nbd5 14. Bg5 a6 15. Rfc1 h6 16. Bxf6 Nxf6 17. e3 Bxf3 18. Bxf3 Rfd8 19. Ra4 Rd7 20. Kf1 Kf8 21. Ke2 h5 22. h3 g6 23. Nd2 Bd8 24. Nc4 Bc7 25. Rb4 Rb8 26. Rb3 Nd5 27. g4 hxg4 28. hxg4 Rdd8 29. Bg2 Kg7 30. Rh1 Rh8 31. Rxh8 Kxh8 32. f4 Kg7 33. Bf3 f5 34. Ne5 Bxe5 35. dxe5 Kf7 36. Kd3 Ke7 37. Kd4 Kd7 38. gxf5 gxf5 39. Kc5 Kc7 40. Bxd5 cxd5 41. Rb6 Re8 42. Kd4 Re7 43. b3 Re8 44. Kd3 Re7 45. Ke2 Re8 46. Kf3 Re7 47. Kg3 Rg7+ 48. Kh4 Rg4+ 49. Kh5 Rg3 50. Rxe6 Rxe3 51. Kg6 Rxb3 52. Kxf5 Rb5 53. Re7+ Kd8 54. Ke6 d4 55. Rd7+ Ke8 56. Rxd4 Rxa5 57. f5 Rc5 58. f6 Rc7 1-0

[Event "Leamington Spa 4NCL op 26th"]
[Site "Leamington Spa"]
[Date "2021.09.11"]
[Round "2"]
[White "Clarke, Brandon GI"]
[Black "Modi, Shyam Jagdish"]
[Result "1-0"]
[WhiteElo "2429"]
[BlackElo "2118"]
[PlyCount "115"]
[EventDate "2021.09.10"]
[EventType "swiss"]
[EventRounds "5"]
[EventCountry "ENG"]
[SourceTitle "CBM 204 Extra"]
[Source "ChessBase"]
[SourceDate "2021.11.30"]
[SourceVersion "1"]
[SourceVersionDate "2021.11.30"]
[SourceQuality "1"]

1. e4 c5 2. Nf3 e6 3. d4 cxd4 4. Nxd4 Nc6 5. Nc3 Qc7 6. Be3 a6 7. Qf3 Nf6 8. 0-0-0 Ne5 9. Qg3 b5 10. a3 Bb7 11. Bxb5 Rc8 12. Ba4 Nxe4 13. Nxe4 Bxe4 14. Bf4 Qa5 15. Bxe5 Qxa4 16. Rd2 h5 17. h4 Bg6 18. Bd6 Qc4 19. Kb1 Bxd6 20. Qxd6 Qc5 21. Qxc5 Rxc5 22. b4 Rc4 23. Re1 Ke7 24. Kb2 Rhc8 25. Re3 d6 26. c3 R8c7 27. f4 Kf6 28. g3 Rc8 29. Kb3 d5 30. Kb2 Be4 31. Nb3 Kf5 32. Na5 R4c7 33. Rd4 f6 34. c4 Bg2 35. c5 e5 36. fxe5 fxe5 37. Rd2 d4 38. Re1 Bd5 39. Nb3 Bxb3 40. Kxb3 Rd8 41. Kc4 Rcd7 42. Kd3 Ke6 43. Rde2 Rd5 44. Rf2 R5d7 45. Re4 g6 46. Rf1 Rd5 47. g4 hxg4 48. Rxg4 R5d7 49. Rxg6+ Kd5 50. Rg5 a5 51. Re1 Re8 52. Re4 Kc6 53. Rgxe5 Rg8 54. Rxd4 Rf7 55. Kc4 axb4 56. axb4 Rg1 57. Re6+ Kb7 58. Kb5 1-0

[Event "London Classic op 11th"]
[Site "London"]
[Date "2019.11.30"]
[Round "2"]
[White "Modi, Shyam Jagdish"]
[Black "Beinoras, Mindaugas"]
[Result "0-1"]
[WhiteElo "2124"]
[BlackElo "2350"]
[PlyCount "34"]
[EventDate "2019.11.29"]
[EventType "swiss"]
[EventRounds "9"]
[EventCountry "ENG"]
[SourceTitle "CBM 193 Extra"]
[Source "ChessBase"]
[SourceDate "2020.01.31"]
[SourceVersion "1"]
[SourceVersionDate "2020.01.31"]
[SourceQuality "1"]

1. d4 d5 2. c4 dxc4 3. e3 Be6 4. Nc3 c6 5. Nf3 b5 6. Ng5 Bc8 7. e4 h6 8. Nf3 Nf6 9. a4 b4 10. e5 bxc3 11. exf6 cxb2 12. fxg7 bxa1Q 13. gxh8Q Qa5+ 14. Nd2 Q5c3 15. Bxc4 Qaxc1 16. Qxc1 Qxc1+ 17. Ke2 Bg4+ 0-1

[Event "South Normanton 4NCL op 23rd"]
[Site "South Normanton"]
[Date "2019.10.05"]
[Round "3"]
[White "Clarke, Brandon GI"]
[Black "Modi, Shyam Jagdish"]
[Result "1-0"]
[WhiteElo "2445"]
[BlackElo "2142"]
[PlyCount "69"]
[EventDate "2019.10.04"]
[EventType "swiss"]
[EventRounds "5"]
[EventCountry "ENG"]
[SourceTitle "CBM 192 Extra"]
[Source "Chessbase"]
[SourceDate "2019.11.06"]
[SourceVersion "1"]
[SourceVersionDate "2019.11.06"]
[SourceQuality "1"]

1. e4 c5 2. Nf3 e6 3. d4 cxd4 4. Nxd4 Nc6 5. Nc3 Qc7 6. Be3 a6 7. a3 Nf6 8. f4 d6 9. Qf3 Be7 10. 0-0-0 Rb8 11. Be2 h5 12. g3 Nxd4 13. Bxd4 b5 14. e5 Bb7 15. Qd3 Nd5 16. Ne4 f6 17. exd6 Bxd6 18. Nxd6+ Qxd6 19. Qg6+ Kf8 20. Bxh5 Qd7 21. Bf3 Rc8 22. Qd3 Kf7 23. h4 b4 24. h5 f5 25. Rhe1 Rh6 26. Be5 Qa4 27. b3 Qxa3+ 28. Bb2 Qa2 29. Qd4 Rf6 30. Qa7 Rc7 31. Rxd5 exd5 32. Bxd5+ Bxd5 33. Qxc7+ Kg8 34. Bxf6 gxf6 35. Re8# 1-0

[Event "GBR-ch 106th"]
[Site "Torquay"]
[Date "2019.08.03"]
[Round "8"]
[White "Modi, Shyam Jagdish"]
[Black "Ledger, Dave J"]
[Result "1-0"]
[WhiteElo "2098"]
[BlackElo "2168"]
[PlyCount "61"]
[EventDate "2019.07.27"]
[EventType "swiss"]
[EventRounds "9"]
[EventCountry "ENG"]
[SourceTitle "CBM 191 Extra"]
[Source "ChessBase"]
[SourceDate "2019.09.30"]
[SourceVersion "1"]
[SourceVersionDate "2019.09.30"]
[SourceQuality "1"]

1. d4 Nf6 2. c4 e6 3. g3 d5 4. Nf3 dxc4 5. Bg2 Bb4+ 6. Bd2 c5 7. Bxb4 cxb4 8. Ne5 0-0 9. Nxc4 Nc6 10. e3 e5 11. d5 b5 12. 0-0 Bg4 13. Qd2 bxc4 14. dxc6 a5 15. Qc2 Qd3 16. Qxd3 cxd3 17. Nd2 Rfe8 18. Rfc1 Rac8 19. Rc5 e4 20. Rac1 Re6 21. h3 Be2 22. Rxa5 h5 23. Rac5 Kf8 24. Bf1 g6 25. Nb3 Bf3 26. Bg2 Be2 27. Bf1 Bf3 28. Nd2 Rd6 29. Bg2 Rc7 30. Nxf3 exf3 31. Bxf3 1-0

[Event "GBR-ch 106th"]
[Site "Torquay"]
[Date "2019.07.29"]
[Round "3"]
[White "Modi, Shyam Jagdish"]
[Black "Zapolskis, Antanas J"]
[Result "0-1"]
[WhiteElo "2098"]
[BlackElo "2290"]
[PlyCount "58"]
[EventDate "2019.07.27"]
[EventType "swiss"]
[EventRounds "9"]
[EventCountry "ENG"]
[SourceTitle "CBM 191 Extra"]
[Source "ChessBase"]
[SourceDate "2019.09.30"]
[SourceVersion "1"]
[SourceVersionDate "2019.09.30"]
[SourceQuality "1"]

1. d4 b5 2. e4 a6 3. Bd3 e6 4. Nf3 c5 5. c3 d6 6. 0-0 Nf6 7. Re1 Be7 8. Nbd2 0-0 9. a4 b4 10. Qe2 bxc3 11. bxc3 cxd4 12. cxd4 Nc6 13. Ba3 a5 14. e5 dxe5 15. Bxe7 Qxe7 16. dxe5 Nd5 17. Qe4 g6 18. Bb5 Ncb4 19. Nc4 Bb7 20. Nd6 Rab8 21. Nxb7 Rxb7 22. Rec1 Rc7 23. Rxc7 Qxc7 24. Nd4 Nc3 25. Qe3 Nbd5 26. Qe1 Qc5 27. Qd2 Ne4 28. Qd3 Ndc3 29. Re1 Rd8 0-1

[Event "Telford 4NCL op 22nd"]
[Site "Telford"]
[Date "2019.07.21"]
[Round "5"]
[White "Arkell, Keith C"]
[Black "Modi, Shyam Jagdish"]
[Result "1-0"]
[WhiteElo "2461"]
[BlackElo "2098"]
[PlyCount "135"]
[EventDate "2019.07.19"]
[EventType "swiss"]
[EventRounds "5"]
[EventCountry "ENG"]
[SourceTitle "EXT 2020"]
[Source "ChessBase"]
[SourceDate "2019.10.17"]
[SourceVersion "1"]
[SourceVersionDate "2019.10.17"]
[SourceQuality "1"]

1. d4 Nf6 2. Nf3 g6 3. c4 Bg7 4. Nc3 0-0 5. g3 d6 6. Bg2 Nbd7 7. 0-0 e5 8. e4 c6 9. Re1 exd4 10. Nxd4 Ng4 11. Qxg4 Bxd4 12. Qd1 Bg7 13. Qc2 Ne5 14. b3 f5 15. Bf4 Qf6 16. Rac1 g5 17. Bxe5 Qxe5 18. exf5 Qxc3 19. Qxc3 Bxc3 20. Rxc3 Bxf5 21. Rce3 Rf7 22. b4 Raf8 23. b5 Bd7 24. R1e2 Kg7 25. bxc6 Bxc6 26. Rd2 Bxg2 27. Kxg2 Rc8 28. Re4 Rc6 29. Rd5 Kg6 30. h4 gxh4 31. Rg4+ Kf6 32. Rxh4 Ra6 33. Rd2 Rc6 34. Rdd4 Ke7 35. Rh6 Ra6 36. Rd2 Rc6 37. Rb2 b6 38. Re2+ Kf8 39. Rh4 Rfc7 40. Ree4 Rf7 41. Rh6 Rfc7 42. Rf4+ Kg7 43. Rhh4 h5 44. Rd4 Kg6 45. Rhe4 Rf7 46. Rd5 Rf5 47. Re6+ Rf6 48. Re4 Rf5 49. Rxf5 Kxf5 50. Rh4 Kg5 51. Rd4 Rc5 52. Kh3 Rc6 53. f4+ Kg6 54. Kh4 Kh6 55. Rd5 Rxc4 56. Rxd6+ Kg7 57. Rd7+ Kg6 58. Rd6+ Kg7 59. Kxh5 Rc5+ 60. Kg4 Ra5 61. f5 Rxa2 62. Kg5 Ra3 63. g4 Ra5 64. Rd7+ Kf8 65. Kf6 Ke8 66. Rb7 Ra4 67. g5 Rc4 68. g6 1-0

[Event "Telford 4NCL op 22nd"]
[Site "Telford"]
[Date "2019.07.20"]
[Round "3"]
[White "Modi, Shyam Jagdish"]
[Black "Jones, Tibor"]
[Result "1-0"]
[WhiteElo "2098"]
[BlackElo "1857"]
[PlyCount "91"]
[EventDate "2019.07.19"]
[EventType "swiss"]
[EventRounds "5"]
[EventCountry "ENG"]
[SourceTitle "EXT 2020"]
[Source "ChessBase"]
[SourceDate "2019.10.17"]
[SourceVersion "1"]
[SourceVersionDate "2019.10.17"]
[SourceQuality "1"]

1. d4 d5 2. c4 c6 3. Nf3 Nf6 4. Qb3 dxc4 5. Qxc4 b5 6. Qb3 Bb7 7. g3 e6 8. Bg2 Nbd7 9. 0-0 Be7 10. Bg5 a6 11. a4 0-0 12. Nbd2 h6 13. Bxf6 Nxf6 14. e3 Nd7 15. Rac1 Qa5 16. Nc4 Qb4 17. Qxb4 Bxb4 18. Nce5 Nb6 19. Nd3 Bd6 20. a5 Nd5 21. Nc5 Bxc5 22. Rxc5 f6 23. Nd2 Nb4 24. Nb3 Rac8 25. Rcc1 Rf7 26. Nc5 Re7 27. Rfd1 Kf7 28. Rc3 Nd5 29. Bxd5 cxd5 30. Nxb7 Rxc3 31. Nd6+ Kf8 32. bxc3 Rc7 33. e4 Ke7 34. e5 fxe5 35. dxe5 Rxc3 36. Ra1 Rc5 37. Ra2 Kf8 38. f4 Ke7 39. Kf2 b4 40. Rb2 Rxa5 41. Rxb4 Ra2+ 42. Kf3 a5 43. Rb7+ Kf8 44. Ra7 a4 45. f5 exf5 46. e6 1-0

[Event "Midland-ch"]
[Site "Telford"]
[Date "2018.08.11"]
[Round "3"]
[White "Bullen, Alex"]
[Black "Modi, Shyam Jagdish"]
[Result "0-1"]
[WhiteElo "2120"]
[BlackElo "1973"]
[PlyCount "102"]
[EventDate "2018.08.10"]
[EventType "swiss"]
[EventRounds "5"]
[EventCountry "ENG"]
[SourceTitle "EXT 2019"]
[Source "ChessBase"]
[SourceDate "2018.10.10"]
[SourceVersion "1"]
[SourceVersionDate "2018.10.10"]
[SourceQuality "1"]

1. d4 Nf6 2. Nf3 g6 3. Nbd2 Bg7 4. e4 d6 5. Bd3 0-0 6. c3 Nc6 7. 0-0 e5 8. dxe5 Nxe5 9. Nxe5 dxe5 10. Nc4 Nh5 11. Qc2 Nf4 12. Rd1 Nxd3 13. Rxd3 Qe7 14. b3 Re8 15. Ba3 Qh4 16. Qe2 f5 17. f3 f4 18. Qf2 Qf6 19. Rad1 Be6 20. Nb2 g5 21. c4 h5 22. Na4 b6 23. Nc3 g4 24. Nd5 Qf7 25. Qd2 Kh7 26. Rf1 Bh6 27. Bb2 Bg7 28. Qe1 Rad8 29. Nb4 Bf6 30. Rxd8 Rxd8 31. Nc6 Re8 32. Bxe5 Bxe5 33. Nxe5 Qg7 34. Qa1 g3 35. hxg3 fxg3 36. f4 Qf6 37. f5 Bc8 38. Nf3 Qxa1 39. Rxa1 Kg7 40. Re1 Kf6 41. Nd4 Bb7 42. Nb5 Rxe4 43. Rxe4 Bxe4 44. Nxc7 Bxf5 45. b4 Ke5 46. Nb5 Bd3 47. Nxa7 Bxc4 48. a4 Kd6 49. a5 bxa5 50. bxa5 Ba6 51. Kh1 Kc7 0-1

[Event "GBR-ch Major 105th"]
[Site "Hull"]
[Date "2018.07.30"]
[Round "3"]
[White "Modi, Shyam Jagdish"]
[Black "Shaw, Peter"]
[Result "0-1"]
[WhiteElo "1973"]
[BlackElo "2093"]
[PlyCount "60"]
[EventDate "2018.07.28"]
[EventType "swiss"]
[EventRounds "9"]
[EventCountry "ENG"]
[SourceTitle "CBM 185 Extra"]
[Source "ChessBase"]
[SourceDate "2018.07.29"]
[SourceVersion "1"]
[SourceVersionDate "2018.07.29"]
[SourceQuality "1"]

1. d4 f5 2. g3 Nf6 3. Bg2 e6 4. c4 Be7 5. Nf3 0-0 6. 0-0 d6 7. Nc3 Ne4 8. Nxe4 fxe4 9. Nd2 d5 10. f3 Nc6 11. fxe4 Rxf1+ 12. Nxf1 dxc4 13. Be3 Bd7 14. e5 a6 15. Be4 b5 16. Qc2 h6 17. Rd1 Bg5 18. d5 Bxe3+ 19. Nxe3 Qg5 20. dxc6 Qxe3+ 21. Kg2 Be8 22. Rf1 Bh5 23. Rf2 Bg4 24. Bh7+ Kh8 25. Qe4 Bh3+ 26. Kxh3 Qxf2 27. Bg6 Rd8 28. Bh5 Rd4 29. Qb1 Qf5+ 30. g4 Qxb1 0-1

[Event "Jersey op"]
[Site "St Clement Bay"]
[Date "2018.04.06"]
[Round "8.15"]
[White "Modi, Shyam Jagdish"]
[Black "Modi, Kishan Jagdish"]
[Result "0-1"]
[WhiteElo "1945"]
[BlackElo "1850"]
[PlyCount "87"]
[EventDate "2018.03.31"]
[EventType "swiss"]
[EventRounds "9"]
[EventCountry "GCI"]
[SourceTitle "CBM 183 Extra"]
[Source "ChessBase"]
[SourceDate "2018.04.19"]
[SourceVersion "1"]
[SourceVersionDate "2018.04.19"]
[SourceQuality "1"]

1. d4 d5 2. Nf3 Nf6 3. Bf4 c5 4. c3 Nc6 5. e3 Qb6 6. Qb3 c4 7. Qc2 Bf5 8. Qc1 Qd8 9. h3 h6 10. Nbd2 e6 11. Be2 Bd6 12. Ne5 Qc7 13. Ndf3 Be4 14. 0-0 Bxf3 15. Nxf3 0-0 16. b3 b5 17. a4 a6 18. b4 Ne4 19. Bxd6 Qxd6 20. Nd2 Nxd2 21. Qxd2 f5 22. f4 Rfb8 23. a5 Qe7 24. Kh2 Kh7 25. g4 g6 26. Rg1 Rg8 27. Bf3 Rg7 28. Rg3 Rag8 29. Rag1 Qf7 30. h4 Ne7 31. Qe2 fxg4 32. Rxg4 Nf5 33. Kh3 g5 34. hxg5 hxg5 35. Rxg5 Rxg5 36. fxg5 Kg7 37. Kg2 Nh4+ 38. Kg3 Rh8 39. Bg4 Qc7+ 40. Kf2 Qh2+ 41. Kf1 Rf8+ 42. Bf3 Rxf3+ 43. Ke1 Qxg1+ 44. Kd2 0-1

[Event "Jersey op"]
[Site "St Clement Bay"]
[Date "2018.04.03"]
[Round "5.14"]
[White "Belzo, Krzysztof"]
[Black "Modi, Shyam Jagdish"]
[Result "1-0"]
[WhiteElo "2103"]
[BlackElo "1945"]
[PlyCount "135"]
[EventDate "2018.03.31"]
[EventType "swiss"]
[EventRounds "9"]
[EventCountry "GCI"]
[SourceTitle "CBM 183 Extra"]
[Source "ChessBase"]
[SourceDate "2018.04.19"]
[SourceVersion "1"]
[SourceVersionDate "2018.04.19"]
[SourceQuality "1"]

1. c4 g6 2. d4 Nf6 3. Nc3 Bg7 4. g3 0-0 5. Bg2 d6 6. Nf3 Nbd7 7. 0-0 e5 8. h3 exd4 9. Nxd4 Nb6 10. b3 d5 11. c5 Nbd7 12. c6 Ne5 13. cxb7 Bxb7 14. Ba3 Re8 15. Rc1 Rc8 16. Na4 Ne4 17. Nc5 Nxc5 18. Bxc5 Nd7 19. b4 Nxc5 20. bxc5 c6 21. Nb3 Ba6 22. Re1 f5 23. Qd2 Re7 24. e3 Kh8 25. Nd4 Qe8 26. Rb1 Rcc7 27. Rb4 Rb7 28. Reb1 Qc8 29. Kh2 Rxb4 30. Rxb4 Be5 31. Qd1 Rb7 32. Qa4 Rxb4 33. Qxb4 Bc4 34. Nxc6 Qxc6 35. Qxc4 dxc4 36. Bxc6 Kg7 37. Kg2 c3 38. Ba4 Kf7 39. Kf3 Ke6 40. Ke2 Kd5 41. c6 Kc5 42. Kd3 Kd6 43. f4 Bf6 44. Bb3 Kxc6 45. Bg8 h6 46. Bh7 g5 47. Bxf5 gxf4 48. gxf4 Kc5 49. e4 Bh4 50. e5 c2 51. Kxc2 Bg3 52. Kd3 Bxf4 53. Ke4 Bg5 54. Bd7 Bd8 55. Kf5 Kd5 56. Ba4 Bc7 57. Bb3+ Kd4 58. e6 Bd8 59. Kg6 Ke5 60. Kxh6 Kf6 61. Kh7 Be7 62. h4 Bd8 63. h5 Be7 64. Kg8 Bd8 65. h6 Kg6 66. h7 Bf6 67. h8Q Bxh8 68. e7 1-0

[Event "Jersey op"]
[Site "St Clement Bay"]
[Date "2018.04.02"]
[Round "3.10"]
[White "Kabos, Tobias"]
[Black "Modi, Shyam Jagdish"]
[Result "1-0"]
[WhiteElo "2253"]
[BlackElo "1945"]
[PlyCount "51"]
[EventDate "2018.03.31"]
[EventType "swiss"]
[EventRounds "9"]
[EventCountry "GCI"]
[SourceTitle "CBM 183 Extra"]
[Source "ChessBase"]
[SourceDate "2018.04.19"]
[SourceVersion "1"]
[SourceVersionDate "2018.04.19"]
[SourceQuality "1"]

1. d4 Nf6 2. c4 g6 3. Nc3 Bg7 4. e4 d6 5. Be2 0-0 6. Be3 e5 7. d5 Na6 8. g4 Nc5 9. f3 h5 10. g5 Nh7 11. h4 f6 12. Qd2 fxg5 13. hxg5 Rf4 14. Bxf4 exf4 15. Qxf4 Be5 16. Qh4 Qf8 17. 0-0-0 Bf4+ 18. Kc2 Bxg5 19. Qf2 Bf4 20. Bd3 Ng5 21. Nge2 Be5 22. Qg2 Nxf3 23. Qxg6+ Qg7 24. Qe8+ Qf8 25. Qxf8+ Kxf8 26. Rdf1 1-0

[Event "Jersey op"]
[Site "St Clement Bay"]
[Date "2018.04.02"]
[Round "4.16"]
[White "Modi, Shyam Jagdish"]
[Black "Held, Thomas"]
[Result "1-0"]
[WhiteElo "1945"]
[BlackElo "2056"]
[PlyCount "39"]
[EventDate "2018.03.31"]
[EventType "swiss"]
[EventRounds "9"]
[EventCountry "GCI"]
[SourceTitle "CBM 183 Extra"]
[Source "ChessBase"]
[SourceDate "2018.04.19"]
[SourceVersion "1"]
[SourceVersionDate "2018.04.19"]
[SourceQuality "1"]

1. d4 Nf6 2. c4 e6 3. g3 d5 4. Nf3 Bb4+ 5. Bd2 Bd6 6. Bg2 c6 7. Qc2 Ne4 8. 0-0 0-0 9. Nc3 f5 10. Nxe4 dxe4 11. Ne5 Bxe5 12. dxe5 c5 13. Bc3 Nc6 14. b3 Qc7 15. Qb2 Nd8 16. f3 exf3 17. Bxf3 Bd7 18. e4 Bc6 19. exf5 exf5 20. Bd5+ 1-0

[Event "Coventry 4NCL op-A 16th"]
[Site "Coventry"]
[Date "2017.11.05"]
[Round "4"]
[White "Bates, Richard"]
[Black "Modi, Shyam Jagdish"]
[Result "1-0"]
[WhiteElo "2397"]
[BlackElo "1938"]
[PlyCount "67"]
[EventDate "2017.11.03"]
[EventType "swiss"]
[EventRounds "5"]
[EventCountry "ENG"]
[SourceTitle "CBM 181 Extra"]
[Source "ChessBase"]
[SourceDate "2017.12.12"]
[SourceVersion "1"]
[SourceVersionDate "2017.12.12"]
[SourceQuality "1"]

1. d4 Nf6 2. Nf3 g6 3. g3 Bg7 4. Bg2 0-0 5. 0-0 d6 6. c4 Nbd7 7. Nc3 e5 8. e4 c6 9. Rb1 a6 10. h3 b5 11. cxb5 cxb5 12. a3 Bb7 13. Re1 Re8 14. d5 Nb6 15. b3 Rc8 16. Bd2 Re7 17. Na2 Nbd7 18. Bf1 Nc5 19. Nc3 Rec7 20. Rc1 Qe8 21. b4 Ncd7 22. a4 bxa4 23. Qxa4 Nb6 24. Qb3 Nc4 25. Bg5 Nd7 26. Na4 Ncb6 27. Rxc7 Rxc7 28. Be3 Nxa4 29. Qxa4 Qc8 30. Ra1 Nf6 31. Nd2 Rc1 32. Rxc1 Qxc1 33. Nc4 Qc3 34. Nxd6 1-0

[Event "EU-ch U14 27th"]
[Site "Mamaia"]
[Date "2017.09.14"]
[Round "9"]
[White "Zhuk, Kirill"]
[Black "Modi, Shyam Jagdish"]
[Result "1/2-1/2"]
[WhiteElo "1808"]
[BlackElo "1893"]
[PlyCount "78"]
[EventDate "2017.09.05"]
[EventType "swiss"]
[EventRounds "9"]
[EventCountry "ROU"]
[SourceTitle "EXT 2018"]
[Source "ChessBase"]
[SourceDate "2017.10.13"]
[SourceVersion "1"]
[SourceVersionDate "2017.10.13"]
[SourceQuality "1"]

1. e4 c5 2. Nf3 e6 3. d3 Nc6 4. g3 g6 5. Bg2 Bg7 6. c3 e5 7. Be3 d6 8. 0-0 Nf6 9. d4 Ng4 10. dxc5 Nxe3 11. fxe3 dxc5 12. Qxd8+ Nxd8 13. Na3 0-0 14. Rfd1 Be6 15. Nb5 Bc4 16. Nd6 Be2 17. Rd5 Bxf3 18. Bxf3 b6 19. Rad1 Ne6 20. Nc4 h5 21. h4 Rad8 22. a4 Bf6 23. Nxe5 Rxd5 24. Rxd5 Nc7 25. Nd7 Nxd5 26. exd5 Be7 27. Nxf8 Kxf8 28. e4 Bd6 29. g4 hxg4 30. Bxg4 Ke7 31. Kf2 Kf6 32. Ke3 Ke5 33. h5 gxh5 34. Bxh5 f5 35. Bg6 fxe4 36. Bxe4 a6 37. Bd3 b5 38. axb5 axb5 39. Bxb5 Kxd5 1/2-1/2

[Event "ENG Terafinal Challengers-A"]
[Site "Daventry"]
[Date "2017.08.13"]
[Round "6"]
[White "Saidmurodov, Shahjahon"]
[Black "Modi, Shyam Jagdish"]
[Result "0-1"]
[WhiteElo "137"]
[BlackElo "175"]
[PlyCount "106"]
[EventDate "2017.08.12"]
[EventType "swiss"]
[EventRounds "6"]
[EventCountry "ENG"]
[SourceTitle "CBM 179 Extra"]
[Source "ChessBase"]
[SourceDate "2017.08.23"]
[SourceVersion "1"]
[SourceVersionDate "2017.08.23"]
[SourceQuality "1"]

1. f4 d5 2. b3 Nc6 3. Bb2 Nf6 4. Nf3 Bg4 5. e3 e6 6. Be2 Bd6 7. 0-0 Bxf3 8. Bxf3 e5 9. fxe5 Nxe5 10. Na3 c6 11. Nb1 Qc7 12. h3 0-0-0 13. a4 Nxf3+ 14. Qxf3 Bh2+ 15. Kf2 Ne4+ 16. Ke1 f6 17. Nc3 Rhe8 18. Nxe4 dxe4 19. Qe2 Qa5 20. Bc3 Bg3+ 21. Rf2 Bxf2+ 22. Qxf2 Qd5 23. Kd1 c5 24. Rb1 Re6 25. a5 g5 26. Qe2 f5 27. b4 c4 28. b5 f4 29. Bd4 Kb8 30. Rb4 f3 31. gxf3 exf3 32. Qxc4 Ka8 33. Qc7 f2 34. Kc1 f1Q+ 35. Kb2 Qd6 36. Rc4 Qxc7 37. Rxc7 Qxb5+ 38. Kc1 Qxa5 39. Rc4 Qa3+ 40. Kd1 b5 41. Rc3 Qxc3 42. dxc3 Rxe3 43. Kd2 Rxd4+ 44. cxd4 Rxh3 45. d5 a5 46. d6 Rh6 47. Ke3 Rxd6 48. Ke4 a4 49. Kf5 a3 50. Kxg5 a2 51. c3 a1Q 52. c4 Qf1 53. cxb5 Rg6+ 0-1